• 首页
  • 本馆介绍
  • 公告通知
  • 最新文献
  • 馆藏检索
  • 电子资源
  • 读者导购
  • 参考咨询
  • 我的图书馆
  • 登录
  • 详细信息显示
  • 放入我的书架
  • 预约/预借图书
  • 作者相关作品
  • 分类相关作品
  • 丛书相关作品
  • 出版社相关作品

书目信息

  • 表格格式
  • 工作单格式
  • 卡片格式
题名:
二胡演奏艺术与传承发展
    
 
作者: 周力 著
分册:  
出版信息: 北京   现代出版社  2018.9
页数: 175页
开本: 21cm
丛书名:
单 册:
中图分类: J632.21
科图分类:
主题词: 二胡--奏法--教学研究
电子资源:
ISBN: 978-7-5143-7398-1
000 00885nam0 2200229 45
001 012001006789
005 20140101161145.0
010    @a978-7-5143-7398-1@dCNY29.80
100    @a20181020d2018 em y0chiy0110 ea
101 0  @achi
102    @aCN@b110000
105    @ay z 000yy
106    @ar
200 1  @a二胡演奏艺术与传承发展@9er hu yan zou yi shu yu chuan cheng fa zhan@f周力著
210    @a北京@c现代出版社@d2018.9
215    @a175页@d21cm
330    @a本书全面地论述了二胡演奏教学的基本原理和方法。从”基本功训练”和”练琴方法”两个方面入手,以具体的练习曲为训练内容,较为简洁、高效地将二胡演奏技巧的训练纳入了科学的训练之中,以歌曲为教学内容,并将这些内容做了进阶式排列的二胡教本。 适合音乐爱好者阅读使用。
606 0  @a二胡@x奏法@x教学研究
690    @aJ632.21@v5
701  0 @a周力@9zhou li@4著
801  2 @aCN@b上海新华@c20191020
905    @b1132250-3@dJ632.21@e158@f4
    
    二胡演奏艺术与传承发展/周力著.-北京:现代出版社,2018.9
    175页;21cm
    
    
    ISBN 978-7-5143-7398-1:CNY29.80
    本书全面地论述了二胡演奏教学的基本原理和方法。从”基本功训练”和”练琴方法”两个方面入手,以具体的练习曲为训练内容,较为简洁、高效地将二胡演奏技巧的训练纳入了科学的训练之中,以歌曲为教学内容,并将这些内容做了进阶式排列的二胡教本。 适合音乐爱好者阅读使用。
●
相关链接 在E读中查询图书 在五车中查询图书 在当当中查询图书 在豆瓣中查询图书


正题名:二胡演奏艺术与传承发展     索取号:J632.21/158         预约/预借

序号 登录号 条形码 馆藏地/架位号 状态 备注
1 1132250   211322503   第一样本阅览室/ [索取号:J632.21/158] 在馆    
2 1132251   211322512   第一借阅区/ [索取号:J632.21/158] 在馆    
3 1132252   211322521   第一借阅区/ [索取号:J632.21/158] 在馆    
4 1132253   211322530   第一借阅区/ [索取号:J632.21/158] 在馆    
欢迎您!
大连网信软件有限公司© 版权所有